Vaches de France - Statistiques

Statistiques générales
  • Ce quiz a été pris 521 fois
  • Le résultat moyen est 11 sur 37
Statistiques - réponses
Par images Réponse % Correct
Charolaise
83%
Limousine
76%
Prim'Holstein
65%
Normande
63%
Aubrac
61%
Salers
58%
Montbéliarde
56%
Abondance
52%
Blonde d'Aquitaine
52%
Brune
47%
Jersiaise
42%
Highland
39%
Vosgienne
35%
Blanc bleu belge
34%
Rouge des prés
32%
Corse
28%
Bazadaise
25%
Bretonne pie noir
22%
Parthenaise
22%
Hereford
18%
Nantaise
18%
Rouge flamande
18%
Tarentaise
18%
Bordelaise
15%
Bleue du Nord
14%
Pie rouge des plaines
14%
Béarnaise
13%
Ferrandaise
13%
Armoricaine
12%
Camargue
12%
Gasconne des Pyrénées
11%
Lourdaise
9%
Simmental française
9%
Créole
8%
Maraîchine
8%
Villard-de-Lans
8%
Aure-et-Saint-Girons
4%
Aucun quiz correspondant
Distribution des résultats
% des personnes avec chaque résultat
Percentile par nombre de réponses
Votre historique - résultats
Vous n’avez pas pris ce quiz